Most Densely Populated Islands over 10,000 sq km - Statistics

General Stats
  • This quiz has been taken 164 times
  • The average score is 13 of 20
Answer Stats
Population Density (/km2) Island % Correct
1,045 Java
98%
461 Honshu
93%
113 Sumatra
92%
654 Taiwan
89%
485 Luzon
85%
300 Sri Lanka
84%
289 Hispaniola
80%
346 Kyushu
80%
225 Mindanao
78%
295 Great Britain
76%
198 Sicily
75%
207 Shikoku
68%
264 Jamaica
60%
274 Hainan
52%
112 Timor
48%
338 Negros
40%
129 Flores
35%
373 Panay
31%
136 Samar
27%
123 Mindoro
26%
No matching quizzes found
Score Distribution
Percent of People with Each Score
Percentile by Number Answered
Your Score History
You have not taken this quiz